000 00672nam a2200205u 4500
001 000009225
005 20200929161525.0
008 810213s1947 ag 000 0 spa
010 _a 50033210
040 _aDO-SdBNP
_cCarP
_dDLC
050 0 0 _aPQ7797.C28
_bA65
100 1 _aCapdevila, Arturo,
_d1889- [from old catalog]
_923921
245 1 0 _aAdvenimiento,.
260 _aBuenos Aires, :
_bEditorial Losada,
_c[1947].
300 _ap. cm.
830 0 _aNovelistas de Espanña y América. [from old catalog]
_923922
910 _aCatalogación por copia / LC
906 _a0
_bcbc
_cpremunv
_du
_encip
_f19
_gy-gencatlg
991 _bc-GenColl
_hPQ7797.C28
_iA65
_tCopy 1
_wPREM
999 _c8988
_d8988